00301nam a22001217a 4500003000400000008004100004020001800045082001700063100002400080245003800104260002700142300001000169OSt240830b |||||||| |||| 00| 0 eng d a9789354092268 a954.04 bTAB aTANVER, Raghuvendra aBharat Vibhajan Ki Kahani (Hindi) aDelhi:bMIABGI,c2021. a236p.